| 000 | 00398nam a2200133Ia 4500 | ||
|---|---|---|---|
| 008 | 170221s9999 xx 000 0 und d | ||
| 100 | _aCiorstan Smark | ||
| 245 | _aEditorial: AABFJ Volume 10, Issue 3, 2018 | ||
| 245 | _cCiorstan Smark and Monir Mir | ||
| 260 | _c2012 | ||
| 300 | _a32 : 17 | ||
| 650 | _xBusiness | ||
| 856 | _uhttp://ro.uow.edu.au/cgi/viewcontent.cgi?article=1703&context=aabfj | ||
| 999 |
_c311388 _d311388 |
||